000 00360nam a2200145Ia 4500
008 150201s1978 xx 000 0 und d
082 _a611
_bA1978H
100 _aHERDERSON,SCOTT
245 _aANATOMY FOR STUDENT OF DENTISTRY
250 _a4TH
260 _bCHURCHILL LIVINGSTONE
_aEDINBURGH
_c1978
300 _a1-506
650 _aANATOMY
942 _2ddc
_cBK
999 _c3287
_d3287